Statistics for Active Eagles Roster

Click here to take the quiz!

General Stats

  • This quiz has been taken 100 times
  • The average score is 28 of 51

Answer Stats

HintAnswer% Correct
QuarterbackJalen Hurts
100%
Wide ReceiverA. J. Brown
98%
CenterJason Kelce
97%
Wide ReceiverDeVonta Smith
93%
SafetySydney Brown
91%
LinebackerNolan Smith
90%
Running BackD’Andre Swift
88%
QuarterbackMarcus Mariota
83%
Running BackKenneth Gainwell
79%
Tight EndDallas Goedert
76%
Defensive TackleFletcher Cox
76%
Defensive TackleJalen Carter
74%
CornerbackDarius Slay
72%
TackleLane Johnson
71%
Running Back
Boston Scott
67%
TackleFred Johnson
66%
LinebackerPatrick Johnson
66%
CornerbackJames Bradberry
64%
Wide ReceiverJulio Jones
64%
TackleJordan Mailata
62%
Running BackRashaad Penny
62%
Wide ReceiverOlamide Zaccheaus
60%
Defensive EndBrandon Graham
59%
LinebackerHaason Reddick
59%
Defensive TackleJordan Davis
59%
SafetyReed Blankenship
59%
CenterCameron Jurgens
57%
GuardLandon Dickerson
52%
QuarterbackTanner McKee
52%
Tight EndJack Stoll
48%
SafetyKevin Byard
47%
CornerbackKelee Ringo
41%
PunterBraden Mann
40%
Defensive TackleMilton Williams
40%
LinebackerShaquille Leonard
40%
LinebackerZach Cunningham
40%
Defensive EndJosh Sweat
38%
PlacekickerJake Elliott
36%
CornerbackEli Ricks
34%
Tight EndGrant Calcaterra
34%
Wide ReceiverBritain Covey
31%
GuardSua Opeta
31%
TackleJack Driscoll
28%
TackleTyler Steen
24%
CornerbackBradley Roby
21%
Tight EndAlbert Okwuegbuna
17%
CornerbackJosh Jobe
16%
LinebackerRick Lovato
16%
Defensive TackleMarlon Tuipulotu
14%
LinebackerBen Van Sumeren
12%
Defensive TackleMoro Ojomo
12%

Score Distribution

Percentile by Number Answered

Percent of People with Each Score

Your Score History

You have not taken this quiz